<?xml version="1.0" encoding="UTF-8"?>
<record
    xmlns:xsi="http://www.w3.org/2001/XMLSchema-instance"
    xsi:schemaLocation="http://www.loc.gov/MARC21/slim http://www.loc.gov/standards/marcxml/schema/MARC21slim.xsd"
    xmlns="http://www.loc.gov/MARC21/slim">

  <leader>02340njm a2200301Ia 4500</leader>
  <controlfield tag="001">E7822</controlfield>
  <controlfield tag="003">IT-RoPAU</controlfield>
  <controlfield tag="005">20220918181115.0</controlfield>
  <controlfield tag="008">131025s9999    xx            000 0 und d</controlfield>
  <datafield tag="040" ind1=" " ind2=" ">
    <subfield code="a">IT-RoPAU</subfield>
  </datafield>
  <datafield tag="040" ind1=" " ind2=" ">
    <subfield code="c">IT-RoPAU</subfield>
  </datafield>
  <datafield tag="041" ind1=" " ind2=" ">
    <subfield code="a">ITALIANO</subfield>
  </datafield>
  <datafield tag="999" ind1=" " ind2=" ">
    <subfield code="c">99307</subfield>
    <subfield code="d">99307</subfield>
  </datafield>
  <datafield tag="999" ind1=" " ind2=" ">
    <subfield code="b">n.d.</subfield>
  </datafield>
  <datafield tag="100" ind1=" " ind2=" ">
    <subfield code="a">AA.VV.</subfield>
    <subfield code="9">794</subfield>
  </datafield>
  <datafield tag="100" ind1=" " ind2=" ">
    <subfield code="e">Autore musica</subfield>
    <subfield code="9">32057</subfield>
  </datafield>
  <datafield tag="100" ind1=" " ind2=" ">
    <subfield code="g">Codice autore musica SPICS: 12000</subfield>
    <subfield code="9">796</subfield>
  </datafield>
  <datafield tag="245" ind1=" " ind2=" ">
    <subfield code="a">Canzoni di Vittorio De Sica (Le)</subfield>
  </datafield>
  <datafield tag="250" ind1=" " ind2=" ">
    <subfield code="a">1a ed.</subfield>
  </datafield>
  <datafield tag="260" ind1=" " ind2=" ">
    <subfield code="a">ITALIA</subfield>
  </datafield>
  <datafield tag="260" ind1=" " ind2=" ">
    <subfield code="b">POLYGRAM</subfield>
    <subfield code="c">1997 [1a Ed.:1997 - Ed. Lingua Orig.: 1997]</subfield>
  </datafield>
  <datafield tag="300" ind1=" " ind2=" ">
    <subfield code="a">COMPACT DISC</subfield>
  </datafield>
  <datafield tag="300" ind1=" " ind2=" ">
    <subfield code="c">62 minuti (Testo:  pag.)</subfield>
  </datafield>
  <datafield tag="500" ind1=" " ind2=" ">
    <subfield code="a">Musica leggera. Canzone italiana. Antologia storica a cura di Mollica Vincenzo.</subfield>
  </datafield>
  <datafield tag="505" ind1=" " ind2=" ">
    <subfield code="a">Parlami d'amore Mari&#xF9; [(dal film "Gli uomini che mascalzoni") (Bixio Cesare Andrea-Neri Ennio) (4:00)] - Suona fanfara mia [(dal film "La segretaria per tutti") (Coop-Molett) (4:00)] - Tra ta ta! [(Mancini-Galdieri Michele) (3:00)] - La canzone dei volontari [(dal film "Amo te sola") (Allegra) (3:00)] - Allegro yankee [(Bruno C.-Bixio Cesare Andrea) (4:00)] - Lodovico [(Ramo-Mascheroni Vittorio) (3:00)] - Fortunato [(Di Lazzaro Eldo-Cherubini Bixio) (3:00)] - Se non ci fosse quel ma [(Cherubini Bixio-Fragna Armando) (3:00)] - Dammi un bacio e ti dico di si [(dal film "Non ti conosco pi&#xF9;") (Cherubini Bixio-Bixio Cesare Andrea) (3:00)] - I quattro amori [(Fragna Armando-Cherubini Bixio) (3:00)] - Sono tre parole [(dal film "Un cattivo soggetto") (Mascheroni Vittorio-Neri Ennio-Buz&#xE0;) (4:00)] - E' una piccola bionda [(Coop-Neri Ennio-Molett) (4:00)] - Tu, solamente tu [(Galdieri Michele-Frustaci Pasquale) (3:00)] - Dicevo al cuore [(Marf-Mascheroni Vittorio) (3:00) - Tu che mi fai piangere [(Marf-Mascheroni Vittorio) (3:00)] - La canzone &#xE8; cambiata [(Marchesi-Bertini Umberto-De Meyo) (3:00)] - Munasterio 'e Santa Chiara [(Barberis Alberto-Galdieri Michele) (3:00)] - Suspiranno [(Nardella Emevero-Murolo Roberto) (2:00)] - Moritat-La ballata di Mackie [(Nomen-Weill Kurt) (3:00)] - Signorinella [(Bovio Libero-Valente Nicola) (4:00)] - Parlami d'amore Mari&#xF9; [(Bixio Cesare Andrea-Neri Ennio) (4:00)]</subfield>
  </datafield>
  <datafield tag="650" ind1=" " ind2=" ">
    <subfield code="a">CANZONE [COMPACT DISC]</subfield>
    <subfield code="e">Codice MATERIA SPICS: 9949</subfield>
    <subfield code="9">30149</subfield>
  </datafield>
  <datafield tag="700" ind1=" " ind2=" ">
    <subfield code="a">De Sica Vittorio</subfield>
    <subfield code="g">Codice interprete SPICS:  7270</subfield>
    <subfield code="e">Interprete</subfield>
    <subfield code="9">32058</subfield>
  </datafield>
  <datafield tag="942" ind1=" " ind2=" ">
    <subfield code="c">CD</subfield>
    <subfield code="2">ddc</subfield>
  </datafield>
  <datafield tag="952" ind1=" " ind2=" ">
    <subfield code="0">0</subfield>
    <subfield code="1">0</subfield>
    <subfield code="4">0</subfield>
    <subfield code="6">E_7822_000000000000000</subfield>
    <subfield code="7">1</subfield>
    <subfield code="a">SPICS</subfield>
    <subfield code="b">SPICS</subfield>
    <subfield code="d">2013-10-25</subfield>
    <subfield code="l">0</subfield>
    <subfield code="o">E7822</subfield>
    <subfield code="r">2013-10-25 00:00:00</subfield>
    <subfield code="w">2013-10-25</subfield>
    <subfield code="y">CD</subfield>
    <subfield code="z">Progr. Ins.: 2887 / N.Vol.: 1 / Copie: 1 - Copia rara: n.d. / date import: 01.01.2014 - By Epidotti, Trombetti, Vaglietti</subfield>
  </datafield>
</record>
